Movies Quiz

Random Movies Quiz

Dumbeldore's Army Quiz Stats

 Plays Quiz not verified by Sporcle

Score 0/8 Timer 05:00
0 Plays Today
Movie First Appeared In Character % Correct
Sorcerer's StoneHarry Potter
98%
Sorcerer's StoneHermione Granger
98%
Sorcerer's StoneRon Weasley
94%
Sorcerer's StoneFred Weasley
72%
Sorcerer's StoneGeorge Weasley
72%
Sorcerer's StoneNeville Longbottom
72%
Goblet of FireCho Chang
70%
Order of the PhoenixLuna Lovegood
52%

You're not logged in!

Compare scores with friends on all Sporcle quizzes.
OR
Log In

Show Comments

Extras

Created Dec 3, 2010ReportNominate
Tags:army, character

Top Quizzes Today


Score Distribution

Your Account Isn't Verified!

In order to create a playlist on Sporcle, you need to verify the email address you used during registration. Go to your Sporcle Settings to finish the process.

Report this User

Report this user for behavior that violates our Community Guidelines.

Details: